Normal view
MARC view
Entry Personal Name
001 - CONTROL NUMBER
- control field: 10908
003 - CONTROL NUMBER IDENTIFIER
- control field: BD-RjUL
005 - DATE AND TIME OF LATEST TRANSACTION
- control field: 20240117114641.0
008 - FIXED-LENGTH DATA ELEMENTS
- fixed length control field: 240117|| aca||aabn | a|a d
040 ## - CATALOGING SOURCE
- Original cataloging agency: BD-RjUL
- Transcribing agency: BD-RjUL
100 ## - HEADING--PERSONAL NAME
- Personal name: البارودى، محمود سامى،
- Dates associated with a name: 1838-1904
670 ## - SOURCE DATA FOUND
- Source citation: Work cat.: (BD-RjUL)82656: الدسوقى، عمر ;;; Al-Dussouki, Omar 10907, محمود سامى البارودى /Mahmoud Sami Al Baroodi /, 1953.